000 004390000a22001810004500
003 MACL
005 20150703125734.0
008 150703b xxu||||| |||| 00| 0 eng d
040 _aMACL
_cmacl
041 _aEnglish
082 _a300
100 _aRosing, Ina
_9442
245 _aShamanic Trance And Amnesia
260 _bConcept Publishing Company
_c2006
_aNew Delhi
350 _a900
650 _aSociology
_919
942 _cBK
_k300
_2ddc
999 _c8603
_d8603